000
00308nam a2200121Ia 4500
008
191201s2019 xx 000 0 und d
100
_a
SAHAY, Arvind
245
0
_a
Strategies in Pricing Sales and Distribution
260
_a
N.Delhi
_b
Business World
300
_a
199
650
_a
B.Tech(TE)
942
_2
ddc
_c
BK
999
_c
3456
_d
3456